| 000 | 00994cam a2200277 a 4500 | ||
|---|---|---|---|
| 001 | 12723433 | ||
| 005 | 20241130152542.0 | ||
| 008 | 020329s2003 maua 001 0 eng | ||
| 020 | _a0072410159 (acidfree paper) | ||
| 050 | 0 | 0 |
_aQD415 _b.C482 2003 |
| 082 | 0 | 0 |
_a540 _221 |
| 245 | 0 | 0 |
_aChemistry in context : _bapplying chemistry to society. |
| 250 |
_a4th ed. / _bConrad L. Stanitski ... [et al.]. |
||
| 260 |
_aBoston : _bMcGraw-Hill, _cc2003. |
||
| 300 |
_axxiv, 568 p. : _bill. (some col.) ; _c28 cm. |
||
| 500 | _a"A project of the American Chemical Society." | ||
| 500 | _aIncludes index. | ||
| 650 | 0 | _aBiochemistry. | |
| 650 | 0 | _aEnvironmental chemistry. | |
| 650 | 0 | _aGeochemistry. | |
| 700 | 1 | _aStanitski, Conrad L. | |
| 710 | 2 | _aAmerican Chemical Society. | |
| 856 | 4 | 1 |
_3Table of contents _uhttp://www.loc.gov/catdir/toc/mh031/2002067087.html |
| 856 | 4 | 2 |
_3Publisher description _uhttp://www.loc.gov/catdir/description/mh031/2002067087.html |
| 942 |
_2lcc _cBK _e4th ed. _n0 |
||
| 999 |
_c1875 _d1875 |
||